Music Quiz

Random Music or Artist Quiz

VH1's 100 Songs (Hip Hop) Quiz Stats

 Plays Quiz Updated Oct 11, 2018

Score 0/100 Timer 15:00
5 Plays Today
Rank Artist % Correct
1850 Cent
84.9%
8Snoop Doggy Dogg
84.6%
15Eminem
84.4%
20Kanye West (feat. Jamie Foxx)
81.8%
11Jay-Z
81.3%
36Nelly
77.1%
4Run-DMC (feat Aerosmith)
75.7%
40Run-DMC
75.7%
26MC Hammer
75.6%
3Dr. Dre
75%
7Notorious B.I.G.
71.7%
38Coolio
69.6%
14Tupac
68.2%
6N.W.A.
67.1%
17Sir Mix-A-Lot
63.7%
28Ice Cube
59.1%
1Public Enemy
57.9%
25Fugees
55.4%
2Sugarhill Gang
52.5%
79DMX
51.5%
9Salt-N-Pepa
51.2%
32Puff Daddy & The Family (feat. Notorious B.I.G., Lil' Kim and The Lox)
51%
13Wu-Tang Clan
50.4%
16Missy Elliott
47.3%
58Ludacris (feat. Shawna)
47.1%
12L.L. Cool J
46.9%
60L.L. Cool J
46.9%
50Lil' Wayne
46.2%
96DJ Jazzy Jeff and the Fresh Prince
44.8%
34Cypress Hill
44.8%
23Outkast
44.4%
66House Of Pain
42.7%
22Naughty By Nature
40.9%
99Lil Jon & The East Side Boyz (feat. Ying Yang Twins)
39.6%
Rank Artist % Correct
43The Game (feat. 50 Cent)
39.4%
33Bone Thugs-N-Harmony
38.2%
56Busta Rhymes
37.9%
48Nas
36.6%
19Ice T
35.8%
98Warren G (feat. Nate Dogg)
35.7%
100Biz Markie
35.5%
68T.I.
32.8%
91Chamillionaire (feat. Krayzie Bone)
32.3%
63Kid 'n Play
32%
27Beastie Boys
31.2%
5Grandmaster Flash & the Furious Five
30.9%
75Lil' Kim (feat. Lil' Cease)
30.6%
61Slick Rick
29.5%
76Big Punisher (feat. Joe)
27.8%
29Digital Underground
27.5%
39Tone-Loc
27.1%
94Master P (feat. Sikk, Fiend, Mia-x and Mystical)
27.1%
47Young MC
26.9%
59Ol' Dirty Bastard
26.1%
55Terror Squad (feat. Fat Joe and Remy)
25.4%
44Method Man (feat. Mary J. Blige)
25.1%
69Common
24.4%
46De La Soul
23.3%
832 Live Crew
22.6%
78Arrested Development
22.3%
80Three 6 Mafia (feat. Paula Campbell)
22.2%
97Eve
22%
24Eric B and Rakim
20.9%
30Tribe Called Quest
20.3%
10Kurtis Blow
18.4%
45Geto Boys
18.2%
93N.E.R.D. (feat Lee Harvey and Vida)
18%
35Queen Latifah (feat. Monie Love)
17.8%
Rank Artist % Correct
67Mase
17%
89Cam'ron
16.9%
53Lox (feat. DMX and Lil' Kim)
14%
21Afrika Bambaataa & Soul Sonic Force
12.3%
81PM Dawn
11.8%
62Digable Planets
11.5%
87Wyclef Jean (feat. Refugee All Stars)
11.4%
64The Roots
10.2%
73Black Sheep
10.1%
92Yo-Yo
9.8%
52Foxy Brown (feat. Jay-Z)
9.7%
37Rob Base & DJ E-Z Rock
9.6%
57Big Daddy Kane
9.6%
74EPMD
9.5%
703(rd) Bass
9.2%
85Black Star
9.1%
86Heavy D. and the Boyz
9.1%
31Kool Moe Dee
9.1%
90Pete Rock & CL Smooth
9%
54MC Lyte
8.9%
71Whodini
8.6%
42Roxanne Shante
8%
51Doug E. Fresh & the Get Fresh Crew
7.8%
49Boogie Down Productions
7.2%
72J.J. Fad
6.9%
77Cold Crush Brothers
6.6%
84UTFO
4.5%
82Chubb Rock
4.5%
41Funky 4 + 1
3%
88Jungle Brothers
2.7%
95L'Trimm
2.6%
65Spoonie Gee and The Treacherous Three
1.4%

You're not logged in!

Compare scores with friends on all Sporcle quizzes.
OR
Log In

Sporcle TV

Today on Sporcle TV


Watch our educational content, quiz creation guides, and fun videos on Sporcle TV.

Show Comments

Extras

Top Quizzes Today


Score Distribution

Your Account Isn't Verified!

In order to create a playlist on Sporcle, you need to verify the email address you used during registration. Go to your Sporcle Settings to finish the process.

Report this User

Report this user for behavior that violates our Community Guidelines.

Details: